LEADER 01258cam0-22003971i-450- 001 990007397050403321 005 20111021123736.0 010 $a88-7957-198-2 035 $a000739705 035 $aFED01000739705 035 $a(Aleph)000739705FED01 035 $a000739705 100 $a20030307e2002----km-y0itay50------ba 101 1 $aita 102 $aIT 105 $ay-------001cy 200 1 $a<>diritto della guerra e della pace$fUgone Grozio$gIntroduzione di Francesca Russo, Premessa di Salvo Mastellone 205 $aRistampa anastatica 210 $aFirenze$cCentro editoriale toscano$d2002 215 $a4 v in cofanetto$d21 cm 225 1 $aPolitica e storia$v57 324 $aRipr. facs. dell'ed.: Napoli : appresso Giuseppe De Dominicis, 1777 500 10$aDe iure belli ac pacis$925518 676 $a340.01$v20$zit 700 1$aGrotius,$bHugo$f<1583-1645>$0153312 702 1$aMastellone,$bSalvo$f<1920- > 702 1$aRusso,$bFrancesca 801 0$aIT$bUNINA$gRICA$2UNIMARC 901 $aBK 912 $a990007397050403321 952 $aDDR-XXXIII F 2 (1-4)$bddr$fDDR 952 $aCollez. 1328 (57)$b42235/8$fFSPBC 959 $aFSPBC 959 $aDDR 996 $aDe iure belli ac pacis$925518 997 $aUNINA LEADER 00965nam--2200349---450- 001 990002072570203316 005 20090210153021.0 035 $a000207257 035 $aUSA01000207257 035 $a(ALEPH)000207257USA01 035 $a000207257 100 $a20041012d1963----km-y0itay0103----ba 101 $aita 102 $aIT 105 $a||||||||001yy 200 1 $a<> cronologia del mondo antico$fE. J. Bickerman 210 $aFirenze$cLa nuova Italia$d1963 215 $aXI, 104 p$d22 cm 410 0$12001 454 1$12001 461 1$1001-------$12001 676 $a902 700 1$aBICKERMAN,$bElias J.$0157488 801 0$aIT$bsalbc$gISBD 912 $a990002072570203316 951 $aI.3.A. 27(ISP II 255)$b24934 E.C.$cISP II$d00012436 959 $aBK 969 $aUMA 979 $aSIAV7$b10$c20041012$lUSA01$h1310 979 $aRSIAV1$b90$c20090210$lUSA01$h1530 996 $aCronologia del mondo antico$91042208 997 $aUNISA